书目信息 |
| 题名: |
传感器原理及应用
|
|
| 作者: | 王化祥 , 张淑英 编著 | |
| 分册: | ||
| 出版信息: | 天津 天津大学出版社 1999.02 |
|
| 页数: | 328页 | |
| 开本: | 26cm | |
| 丛书名: | ||
| 单 册: | ||
| 中图分类: | TP212 | |
| 科图分类: | ||
| 主题词: | 自动化元件 , 自动化器件 | |
| 电子资源: | ||
| ISBN: | 7-5618-1142-X | |
| 000 | 00735nam0 2200241 450 | |
| 001 | 0857652060 | |
| 005 | 20080108160129.34 | |
| 010 | @a7-5618-1142-X@dCNY27.00 | |
| 100 | @a20080108d1999 km y0chiy0120 ea | |
| 101 | 0 | @achi |
| 102 | @aCN@b120000 | |
| 200 | 1 | @a传感器原理及应用@Achuan gan qi yuan li ji ying yong@f王化祥,张淑英编著@Fwang hua xiang,zhang shu ying bian zhu |
| 205 | @a2版(修订本) | |
| 210 | @a天津@c天津大学出版社@d1999.02 | |
| 215 | @a328页@d26cm | |
| 606 | 0 | @a自动化元件 |
| 606 | 0 | @a自动化器件 |
| 690 | @aTP212@v4 | |
| 701 | 0 | @a王化祥@Awang hua xiang@4编著 |
| 701 | 0 | @a张淑英@Azhang shu ying@4编著 |
| 801 | 0 | @aCN@b大连网信软件有限公司图书馆@c20080108 |
| 905 | @aBZT@dTP212@e1 | |
| 906 | @dCNY27.00@n0@r1 | |
| 传感器原理及应用/王化祥,张淑英编著.-2版(修订本).-天津:天津大学出版社,1999.02 |
| 328页;26cm |
| ISBN 7-5618-1142-X:CNY27.00 |
| ● |
| 相关链接 |
|
|
|
正题名:传感器原理及应用
索取号:TP212/1
 
预约/预借
| 序号 | 登录号 | 条形码 | 馆藏地/架位号 | 状态 | 备注 |
| 1 | 635180 | 2000635180 | 中心书库中库/ 中库028架B面4列1层28/ [索取号:TP212/1] | 在馆 | |
| 2 | 635181 | 2000635181 | 中心书库中库/ 中库028架B面4列1层25/ [索取号:TP212/1] | 在馆 | |
| 3 | 635182 | 2000635182 | 中心书库中库/ 中库028架B面4列1层27/ [索取号:TP212/1] | 在馆 | |
| 4 | 635183 | 2000635183 | 中心书库中库/ 中库028架B面4列1层24/ [索取号:TP212/1] | 在馆 | |
| 5 | 635184 | 2000635184 | 中心书库中库/ 中库028架B面4列1层26/ [索取号:TP212/1] | 在馆 |